000 007260000a22001930004500
999 _c49365
_d49365
001 2219
003 CO-MdFUSB
005 20180307183426.0
008 170515b xxu||||| |||| 00| 0 eng d
020 _a978-84-236-9308-5
040 _cCO-MdBIC
082 0 4 _a863C T72cv
100 1 _aGabriela Keselman
245 1 0 _a¿Cuándo viene Papá?
260 _aEspaña : Edebé
300 _a32p/21x20cm
505 0 0 _a1. La lombriz que nunca había visto el sol -- 2. Quiero escribir un cuento -- 3. Doña desastre -- 4. ¿Cuándo viene Papá? -- 5. La peligrosa casa horrible -- 6.Emma no se quiere bañar -- 7. Un camaleón en la escuela de gatos -- 8. El cerdito azul -- 9. Dewey: íUn gato el ma biblioteca!
942 _cLGB